Handbook of futures research (Record no. 34728)

MARC details
000 -LEADER
fixed length control field 00279nam a2200109Ia 4500
082 ## - DEWEY DECIMAL CLASSIFICATION NUMBER
Classification number 5.001.5
Item number FOW
100 ## - MAIN ENTRY--AUTHOR NAME
Personal name Fowles, Robert B
245 #0 - TITLE STATEMENT
Title Handbook of futures research
260 ## - PUBLICATION, DISTRIBUTION, ETC. (IMPRINT)
Place of publication Connecticut
Name of publisher Greenwood
Year of publication 1978
942 ## - ADDED ENTRY ELEMENTS (KOHA)
Koha item type Books
Holdings
Withdrawn status Lost status Damaged status Not for loan Home library Current library Date acquired Cost, normal purchase price Full call number Accession Number Koha item type
        RRII Library RRII Library 16/12/2021 39.95 5.001.5 FOW 15156 Books